000 00775nam a22002297a 4500
003 UA-OsUOA
001 48463
007 ta
008 20130527b un ||||| |||| 00| 0 ukr d
090 _a01
_bБ59
942 _cBK
040 _aUA-OsUOA
_bukr
_cUA-OsUOA
_dUA-OsUOA
245 _aБиблиография русской библиографии по истории СССР
300 _a195 с.
955 _a1
041 _aukr
080 _a01
260 _aМ.
_bИздательство Всесоюзной книжной палаты
_c1957
650 7 _a01 Бібліографія і бібліографії. Каталоги
_2UDC
999 _c428565
_d428565